Finančníctvo a účtovníctvo pre bezpečnostný manažment

Podrobná bibliografia
Hlavní autori: Slepecký, Jaroslav, 1957- (Autor), Štofko, Stanislav, 1946- (Autor), Franko, Vavrinec, 1933- (Autor)
Médium: Kniha
Jazyk:slovenčina
Fyzický popis:208 s. sch., tab. 29 cm
Vydavateľské údaje: Žilina Žilinská univerzita 2003
ISBN:8080701725
Vydanie:1. vyd.
Predmet:

MARC

LEADER 00000nam a2200000 a 4500
001 vtls001470345
003 SK-MaSNL
005 20260301073758.0
008 240509s2003 xo a slo
015 |a SNBA2004/07-04089 
020 |a 8080701725 
035 |a SNK000425650 
035 |a urn:nbn:sk:snk-amybc9 
035 |a urn:nbn:sk:snk-am00c8dd 
035 |a DFBC4DAD-F6AC-4202-BF4C-4B4B25088436 
040 |a SNK  |b slo  |c SNK  |e AACR2 
041 0 |a slo 
044 |a xo  |c SK 
072 7 |a 658  |x Riadenie a správa podniku  |2 konspekt 
080 |a 336(075.8)  |2 2. slo 
080 |a 657  |2 2. slo 
080 |a 005.934:351.72  |2 2. slo 
080 |a 005.934  |2 1981 
080 |a 336  |2 1981 
080 |a 658.14/.17  |2 1981 
080 |a 657  |2 1981 
080 |a 351.72  |2 1981 
080 |a (075.8)  |2 1981 
100 1 |a Slepecký, Jaroslav,  |d 1957-  |4 aut  |9 218799 
245 1 |a Finančníctvo a účtovníctvo pre bezpečnostný manažment  |c Jaroslav Slepecký, Stanislav Štofko, Vavrinec Franko 
250 |a 1. vyd. 
260 |a Žilina  |b Žilinská univerzita  |c 2003 
300 |a 208 s.  |b sch., tab.  |c 29 cm 
500 |a 150 výtl. 
504 |a Bibliogr. s. 190 
650 0 7 |a finančníctvo  |2 SNK  |9 667 
650 0 7 |a bankovníctvo  |2 SNK  |9 2101 
650 0 7 |a bezpečnostný manažment  |2 SNK  |9 927 
650 0 7 |a bezpečnostný manažment  |2 SNK  |9 927 
650 0 7 |a financie  |2 SNK  |9 2205 
650 0 7 |a podnikové financie  |2 SNK  |9 4308 
650 0 7 |a účtovníctvo  |2 SNK  |9 649 
655 7 |a Textbooks (higher)  |2 SNKPHeng  |9 276436 
655 7 |a učebnice vysokých škôl  |2 SNKPH  |9 70191 
655 7 |a učebnice  |2 SNK  |9 22521 
655 7 |a učebnice vysokých škôl  |2 SNK  |9 70191 
700 1 |a Štofko, Stanislav,  |d 1946-  |4 aut  |9 267904 
700 1 |a Franko, Vavrinec,  |d 1933-  |4 aut  |9 159478 
919 |a 80-8070-172-5 
958 0 7 |a NB 
958 |a OND 
968 |d 33 
999 |c 645166  |d 647096 
952 |t P60, <03>, [BOOK], {603}  |a SNK  |b SNK  |y PREZ  |7 0  |p 17A0417785  |o snkSB 68172  |i snkKSP 3494/2004  |0 0  |1 0  |4 0  |d 2004-03-09  |f 1  |l 0  |r 2025-04-22 00:00:00  |w 2026-02-23 
952 |t P60, <04>, [BOOK], {604}  |a SNK  |b SNK  |y VYP  |7 0  |p 17A0417841  |o snkSB 68172 D1  |i snkKSP 3495/2004  |0 0  |1 0  |4 0  |d 2004-03-09  |l 0  |r 2005-01-02 00:00:00  |w 2026-02-23